000 01340cam a22002771i 4500
003 SA-RiAUC
005 20240922151441.0
008 240921s2007 ua f 000 0 ara c
040 _aSA-RiAUC
_bara
_cSA-RiAUC.
_erda
043 _af-ua---
082 0 4 _a 346.0332
_qSA-RiAUC
090 _a346.0332 ز ى ن
_b ز ى ن
100 1 _aالزيني، محمود محمد عبد العزيز
_eمؤلف.
245 1 0 _aمسئولية الأطباء عن العمليات التعويضية والتجميلية والرتق العذري في الشريعة الإسلامية والقانون الوضعي /
_cمحمود محمد عبد العزيز الزيني.
264 1 _aالإسكندرية، مصر :
_bمؤسسة الثقافة الجامعية،
_c2007
300 _a267 صفحة؛
_c24 سم
336 _aنص
_btxt
_2rdacontent
_3كتاب
337 _aبدون وسيط
_bn
_2rdamedia
338 _aمجلد
_bnc
_2rdacarrier
650 7 _aالمسئولية الجنائية للأطباء (فقه إسلامي)
_2aucsh
650 7 _aالمسئولية الجنائية للأطباء
_zمصر
_2aucsh
650 7 _aالطب
_xقوانين وتشريعات
_zمصر
_2aucsh
650 7 _aزرع الأعضاء
_xقوانين وتشريعات
_zمصر
_2aucsh
942 _2ddc
_cBOOK
_n0
949 _aSA-JeALM
_d240921
_umohamedma123
_n1
999 _c486
_d486